| 000 | 01612nam a2200373Ia 4500 | ||
|---|---|---|---|
| 001 | ebr10135440 | ||
| 003 | CaPaEBR | ||
| 006 | m u | ||
| 007 | cr cn||||||||| | ||
| 008 | 041105s2005 nyu sb 001 0 eng d | ||
| 010 | _z 2004063106 | ||
| 020 | _z1403979480 | ||
| 020 | _z1403966311 | ||
| 040 |
_aCaPaEBR _cCaPaEBR |
||
| 035 | _a(OCoLC)560462101 | ||
| 050 | 1 | 4 |
_aPS3503.I785 _bZ95 2005eb |
| 082 | 0 | 4 |
_a811/.54 _222 |
| 100 | 1 |
_aWalker, Cheryl, _d1947- |
|
| 245 | 1 | 0 |
_aGod and Elizabeth Bishop _h[electronic resource] : _bmeditations on religion and poetry / _cCheryl Walker. |
| 260 |
_aNew York : _bPalgrave Macmillan, _c2005. |
||
| 300 | _ax, 157 p. | ||
| 504 | _aIncludes bibliographical references and index. | ||
| 505 | 0 | _a1. Time and eternity -- 2. The fall -- 3. Love and longing -- 4. Suffering meaning -- 5. Blessed are the poor -- 6. Assent. | |
| 533 |
_aElectronic reproduction. _bPalo Alto, Calif. : _cebrary, _d2009. _nAvailable via World Wide Web. _nAccess may be limited to ebrary affiliated libraries. |
||
| 600 | 1 | 0 |
_aBishop, Elizabeth, _d1911-1979 _xCriticism and interpretation. |
| 600 | 1 | 0 |
_aBishop, Elizabeth, _d1911-1979 _xReligion. |
| 650 | 0 |
_aChristianity and literature _zUnited States _xHistory _y20th century. |
|
| 650 | 0 |
_aWomen and literature _zUnited States _xHistory _y20th century. |
|
| 650 | 0 | _aReligion in literature. | |
| 650 | 0 | _aGod in literature. | |
| 655 | 7 |
_aElectronic books. _2local |
|
| 710 | 2 | _aebrary, Inc. | |
| 856 | 4 | 0 |
_uhttp://site.ebrary.com/lib/rucke/Doc?id=10135440 _zAn electronic book accessible through the World Wide Web; click to view |
| 999 |
_c187599 _d187599 |
||